000
00205 a2200097 4500
001
1473
100
_a
Morrow, L.C
245
_a
Maintenince engg hand book
260
_a
_b
Mcgrawhill
_c
090
_c
1016
_d
1016
942
_a
NUST-CAE
_c
M
_c
181
999
_c
236546
_d
236546